| 000 | 00364nam a22001457a 4500 | ||
|---|---|---|---|
| 020 | _qHB. | ||
| 040 | _cFIZZA ISHAQ | ||
| 082 |
_a686.2 _bWEN |
||
| 100 |
_aRICHMOND,WENDY. _991677 |
||
| 245 |
_aDESIGN &TECHNOLOGY ERASING BOUNDARIES / _cWENDY RICHMOND. |
||
| 250 | _a1st ED. | ||
| 260 |
_aVAN NOSTRAND REINHOLD ; _c1990. |
||
| 300 | _a209 P. ; | ||
| 942 |
_2ddc _cBK |
||
| 999 |
_c589825 _d589825 |
||